[Event "EU-chT (Men) 20th"]
[Site "Reykjavik"]
[Date "2015.11.16"]
[Round "4.1"]
[White "Hansen, Sune Berg"]
[Black "Carlsen, Magnus"]
[Result "1/2-1/2"]
[WhiteElo "2566"]
[BlackElo "2850"]
[PlyCount "85"]
[EventDate "2015.11.13"]
[EventType "team-swiss"]
[EventRounds "9"]
[EventCountry "ISL"]
[SourceTitle "CBM 170"]
[Source "ChessBase"]
[SourceDate "2016.01.15"]
[SourceVersion "1"]
[SourceVersionDate "2016.01.15"]
[SourceQuality "1"]
[WhiteTeam "Denmark"]
[BlackTeam "Norway"]
[WhiteTeamCountry "DEN"]
[BlackTeamCountry "NOR"]
[WhiteClock "0:32:56"]
[BlackClock "0:44:33"]

1. d4 {Marin,Mihail} Nf6 2. c4 e6 3. Nf3 d5 4. g3 Bb4+ 5. Bd2 Bd6 ({RR} 5... Be7) 6. Bg2 c6 7. O-O Nbd7 ({RR} 7... O-O 8. Nc3 dxc4 9. e4) 8. Nc3 dxc4 9. Bg5 ({RR} 9. e4 e5) 9... O-O ({RR} 9... h6 10. Bxf6 Qxf6 11. Ne4 Qe7 12. Nfd2 ({RR} 12. Qc2 O-O ({RR} 12... Nb6 13. Ne5) 13. Nxd6 Qxd6 14. Qxc4 e5 15. Rad1 exd4 16. Nxd4 Qc5 17. Qxc5 Nxc5 18. Rd2 a5 19. Rc1 Na6 20. Rcd1 Nc7 21. a3 a4 22. f4 g6 23. Kf2 Ne6 24. e4) 12... Nb6 13. f4 ({RR} 13. Rc1 O-O ({RR} 13... e5) 14. Nxc4 Bc7 15. Qc2 Qd8 16. Rfd1 Nd5 17. a3) ({RR} 13. Qc2 e5) 13... O-O 14. Qc2 c5 15. Nxc4 Nxc4 16. Qxc4 cxd4 17. Nxd6 Qxd6 18. Rad1 e5 19. fxe5 Qxe5 20. Qxd4 Qxd4+ 21. Rxd4 Be6 22. Bxb7 Rab8 23. Bd5 Bxd5 24. Rxd5 {Gelfand,B (2758)-Ponomariov,R (2739) Moscow 2009 CBM 133 [Marin,Mihail] ½-½}) 10. Qc2 ({RR} 10. Nd2 Nb6 11. Qc2 Be7 12. e3 Re8 13. Rfd1 Nfd5 14. Bxe7 Qxe7 15. Nce4 e5 16. Nxc4 exd4 17. Ncd6 dxe3 18. Nxe8 Qxe8 19. Nd6 Qe6 20. Nxc8 Rxc8 21. Re1 Nb4 22. Qe4 exf2+ 23. Kxf2 Qxe4 24. Bxe4 g6 {Serban,C (2332)-Materia,M (2489) chess.com INT 2025 0-1 (44)}) 10... b5 11. a4 Qb6 $146 ({RR} 11... Ba6 12. axb5 Bxb5 13. e4 Be7 14. Nd2 a6 15. Rfd1 h6 16. Bxf6 Nxf6 17. e5 Nd5 18. Bxd5 cxd5 19. f4 Qb6 20. Nf3 Rfb8 21. Rab1 Bd7 22. f5 Qb3 23. Qf2 Ra7 24. f6 Bf8 25. fxg7 Bxg7 26. Rf1 {Zhou,A (2081)-Gueci,T (2184) Stockholm 2018 0-1 (41)}) 12. e4 b4 13. a5 Qc7 14. e5 bxc3 15. exd6 Qxd6 16. bxc3 Ba6 17. Rfe1 Nd5 18. Bc1 Rfb8 19. Ba3 Qc7 20. Ng5 N7f6 21. Bh3 Bc8 22. Bf1 Rb3 23. Bxc4 Rxc3 24. Qe2 Rb8 25. Nf3 Nb4 26. Rec1 Rxc1+ 27. Bxc1 Nbd5 28. Qc2 c5 29. Bf1 cxd4 30. Qxc7 Nxc7 31. Nxd4 Ba6 32. Nc6 Rb7 33. Bg2 Ncd5 34. Ba3 Rc7 35. Rc1 Bb5 36. Bxd5 Nxd5 37. Nxa7 Rxc1+ 38. Bxc1 Bd7 39. Kf1 Kf8 40. Ke2 Ke8 41. Kd3 Nb4+ 42. Kc4 Nc6 43. Nxc6 1/2-1/2

[Event "EU-Cup 23rd"]
[Site "Kemer"]
[Date "2007.10.07"]
[Round "5.3"]
[White "Carlsen, Magnus"]
[Black "Cornette, Matthieu"]
[Result "1/2-1/2"]
[WhiteElo "2714"]
[BlackElo "2494"]
[PlyCount "119"]
[EventDate "2007.10.03"]
[EventType "team-swiss"]
[EventRounds "7"]
[EventCountry "TUR"]
[SourceTitle "CBM 121"]
[Source "ChessBase"]
[SourceDate "2007.11.14"]
[SourceVersion "1"]
[SourceVersionDate "2007.11.14"]
[SourceQuality "1"]
[WhiteTeam "Baden-Baden"]
[BlackTeam "Cannes"]
[WhiteTeamCountry "GER"]
[BlackTeamCountry "FRA"]

1. d4 Nf6 2. c4 e6 3. Nf3 c5 4. g3 cxd4 5. Nxd4 d5 6. Bg2 e5 7. Nf3 e4 8. Nd4 dxc4 9. Qa4+ Bd7 10. Qxc4 Na6 11. O-O Rc8 12. Qb3 Nc5 13. Qd1 Be7 14. Nc3 O-O 15. Be3 $146 ({RR} 15. b4 Na6 16. Nxe4 Nxb4 17. e3 b6 18. Bb2 Qe8 19. Nc3 Bg4 20. Qd2 Qd7 21. a3 Nc6 22. Bxc6 Rxc6 23. f3 Bh3 24. Rfd1 Rcc8 25. Qe2 Rfe8 26. Ndb5 Qf5 27. Nd6 Bxd6 28. Rxd6 Qc5 29. Rxf6 Rxe3 {Krasenkova,I (2076)-Daulyte-Cornette,D (2375) Augsburg GER 2024 0-1 (63)}) ({RR} 15. b4 Na6 16. Nxe4 Nxb4 17. e3 b6 18. Bb2 Qe8 19. Nc3 Bg4 20. Qd2 Qd7 21. a3 Nc6 22. Bxc6 Rxc6 23. f3 Bh3 24. Rfd1 Rcc8 25. Qe2 Rfe8 26. Ndb5 Qf5 27. Nd6 Bxd6 28. Rxd6 Qc5 29. Rxf6 Rxe3 {Krasenkova,I (2076)-Daulyte-Cornette,D (2375) Augsburg GER 2024 0-1 (63)}) 15... Ng4 16. Bf4 e3 17. Bxe3 Nxe3 18. fxe3 Bg5 19. Nf5 Bxf5 20. Rxf5 Bxe3+ 21. Kh1 g6 22. Rd5 Qf6 23. Rd6 Qe7 24. Qd5 Rfd8 25. Rd1 Rxd6 26. Qxd6 Qxd6 27. Rxd6 Bg5 28. Bf3 Be7 29. Rd1 Kg7 30. Nd5 Bf8 31. Rc1 Rd8 32. Kg2 Ne6 33. Nc7 Bd6 34. Nxe6+ fxe6 35. Bxb7 Rb8 36. Ba6 Rxb2 37. Bc4 Kf6 38. Kf3 a5 39. a4 h5 40. Bb5 Rb3+ 41. Kg2 Bb4 42. Rc7 Rc3 43. Ra7 Rc2 44. Ra6 g5 45. Ra7 h4 46. gxh4 gxh4 47. Rh7 Be1 48. Rh6+ Ke7 49. Rg6 Rc3 50. Bd3 Ra3 51. Rg4 Bb4 52. Rxh4 Rxa4 53. Re4 Kf6 54. h4 Ra1 55. h5 Bd2 56. Rg4 Be3 57. Kf3 Rg1 58. Ra4 Bh6 59. Rxa5 Rg5 60. Rxg5 1/2-1/2

[Event "Reykjavik op 22nd"]
[Site "Reykjavik"]
[Date "2006.03.10"]
[Round "5"]
[White "Carlsen, Magnus"]
[Black "Hillarp Persson, Tiger"]
[Result "0-1"]
[WhiteElo "2625"]
[BlackElo "2548"]
[PlyCount "192"]
[EventDate "2006.03.06"]
[EventType "swiss"]
[EventRounds "9"]
[EventCountry "ISL"]
[SourceTitle "CBM 111 Extra"]
[Source "ChessBase"]
[SourceDate "2006.05.09"]
[SourceVersion "1"]
[SourceVersionDate "2006.05.09"]
[SourceQuality "1"]

1. Nf3 d5 2. d4 Nf6 3. c4 c6 4. Nc3 e6 5. g3 dxc4 6. Bg2 Nbd7 7. O-O b5 8. Bg5 Bb7 9. a4 ({RR} 9. e4 Qb6 10. Qe2 h6 11. Be3 Ng4 12. Bf4 Ngf6 13. Rad1 Be7 14. d5 cxd5 15. exd5 Nxd5 16. Nxd5 Bxd5 17. Rxd5 exd5 18. Re1 O-O 19. Qxe7 Nf6 20. Qe3 Rfe8 21. Qd2 Rxe1+ 22. Nxe1 {½-½ (22) Romanishin,O (2331)-Zysko,J (2089) Warsaw POL 2024}) 9... a6 10. Ne5 Qb6 11. b3 Rd8 $146 ({RR} 11... Nxe5 12. dxe5 Nd5 13. Nxd5 cxd5 14. bxc4 bxc4 15. e4 d4 16. Rb1 Qa7 17. Qc2 c3 18. a5 Bc6 19. Rb6 Bb5 20. Qb3 Bc5 {0-1 (20) Stocek,J (2572)-Van Wely,L (2676) Germany 2006}) ({RR} 11... Nxe5 12. dxe5 Nd5 13. Nxd5 cxd5 14. bxc4 bxc4 15. e4 d4 16. Rb1 Qa7 17. Qc2 c3 18. a5 Bc6 19. Rb6 Bb5 20. Qb3 Bc5 21. Rb1 O-O 22. Qc2 Bxb6 {0-1 (22) Gertsyk,N (2308)-Samartsev,A (2307) Ekaterinburg 2009}) 12. a5 Qc7 13. Nxd7 Rxd7 14. Bxf6 gxf6 15. bxc4 f5 16. e3 Bb4 17. Qb3 Bxa5 18. Ne2 O-O 19. cxb5 axb5 20. Rfc1 Bb6 21. Nf4 Qd6 22. Nd3 Rc7 23. Rc3 Kh8 24. Rac1 f6 25. Nc5 Bc8 26. Qb2 Bxc5 27. Rxc5 Bd7 28. d5 exd5 29. Bxd5 Re8 30. Bf3 Re5 31. Qa3 Kg7 32. Qa5 Rxc5 33. Rxc5 Rb7 34. Rc1 b4 35. Rd1 Qe7 36. Qa8 Rc7 37. Qb8 Be6 38. Rd8 Bf7 39. Qa8 Ra7 40. Qc8 Rc7 41. Qa8 b3 42. Rb8 c5 43. Qa5 Ra7 44. Qc3 c4 45. Kg2 Rc7 46. h4 Qe5 47. Qb4 Qc5 48. Qc3 Qd6 49. h5 h6 50. Qa5 Re7 51. Rb6 Qc7 52. Qb4 c3 53. Rb7 c2 54. Qxe7 Qxe7 55. Rxe7 Kf8 56. Rc7 b2 57. Rxc2 b1=Q 58. Rc8+ Kg7 59. Rc7 Qb3 60. Rd7 Kf8 61. Rd4 Ke7 62. Bd1 Qb5 63. Bf3 Bc4 64. Kh2 Ke6 65. Kg2 Ke5 66. Kg1 Bd3 67. Rf4 Qb1+ 68. Kh2 Qe1 69. Bg2 Qe2 70. Kg1 Qxh5 71. Bf3 Qg6 72. Rh4 Be4 73. Bg2 Qg7 74. Kh2 Qg6 75. Kg1 Kd6 76. Kh2 Kc5 77. Rf4 Qh5+ 78. Rh4 Qg6 79. Rf4 Kd6 80. Rh4 Ke7 81. Kg1 Kf8 82. Rf4 Kg7 83. Rh4 Qe8 84. Kh2 Qc6 85. Bh3 Kg6 86. Rf4 Qc2 87. Bg2 Kf7 88. Kg1 Qc6 89. Bxe4 fxe4 90. g4 Kg6 91. Kg2 Kg5 92. Kg3 Qd6 93. f3 exf3 94. Kxf3 Qd1+ 95. Kg3 Qg1+ 96. Kf3 Qh1+ 0-1

[Event "Bergen Sommer op"]
[Site "Bergen"]
[Date "2002.07.25"]
[Round "6"]
[White "Carlsen, Magnus"]
[Black "Christenson, Flemming"]
[Result "1/2-1/2"]
[WhiteElo "2214"]
[BlackElo "2225"]
[PlyCount "85"]
[EventDate "2002.07.20"]
[EventType "swiss"]
[EventRounds "9"]
[EventCountry "NOR"]
[SourceTitle "CBM 089 Extra"]
[Source "ChessBase"]
[SourceDate "2002.09.10"]
[SourceVersion "2"]
[SourceVersionDate "2002.09.10"]
[SourceQuality "1"]

1. d4 d5 2. c4 c6 3. Nf3 e6 4. Nbd2 Nf6 5. g3 Nbd7 6. Bg2 Bd6 7. O-O O-O 8. Qc2 Qe7 9. e4 dxe4 10. Nxe4 Nxe4 11. Qxe4 e5 12. Qc2 ({RR} 12. c5 Bc7 13. Bf4 Nf6 14. Qe1 e4 15. Bxc7 Qxc7 16. Nd2 Re8 17. Nc4 b6 18. Qc1 Ba6 19. Re1 Bxc4 20. Qxc4 Qd7 21. cxb6 axb6 22. Rac1 h6 23. Qxc6 Qxd4 24. Qc3 Qxc3 25. Rxc3 Rxa2 26. Rb3 Re6 {Macieja,B (2601)-Zawadzka,J (2390) Wroclaw 2009 1-0 (98)}) 12... exd4 13. Nxd4 ({RR} 13. Re1 Qd8 14. Nxd4 Ne5 15. Be3 Ng4 16. Nf5 Nxe3 17. Rxe3 Bxf5 18. Qxf5 g6 19. Qc2 Bc5 20. Rd3 Qe7 21. Rad1 {½-½ (21) Koloditsova,R (1933)-Sosovickova,J (1855) Slovakia 2022}) 13... Qf6 14. Rd1 $146 ({RR} 14. Be3 Ne5 15. c5 Bc7 16. h3 Bd7 17. b4 Rad8 18. a4 Rfe8 19. b5 g5 20. f4 Ng6 21. Qf2 gxf4 22. gxf4 Rxe3 23. Qxe3 Bxf4 24. Qf2 Bxh3 25. Bxh3 Rxd4 26. Ra3 Qg5+ 27. Kh1 Rd2 28. Qg1 Rh2+ {Nalivajko,E (2349)-Kononenko,D (2457) Kiev 2004 0-1 (48)}) 14... Bc5 15. Be3 Ne5 16. Nxc6 Bxe3 17. Nxe5 Bxf2+ 18. Qxf2 Qxe5 19. Rd5 Qc7 20. Qc5 Qb8 21. Qd4 Be6 22. Rb5 Rd8 23. Qe4 Rd7 24. b3 Qd8 25. Re1 Rb8 26. Re5 b6 27. Qf4 Rd4 28. Be4 Qd6 29. Qe3 Rd1 30. Bd5 Rxe1+ 31. Qxe1 Bxd5 32. Rxd5 Qc7 33. Qd2 Re8 34. Rd7 Qc5+ 35. Qd4 Qa5 36. Re7 Kf8 37. Rxe8+ Kxe8 38. Qe4+ Kf8 39. Qa8+ Ke7 40. Qe4+ Kf6 41. Qc6+ Ke7 42. Qc7+ Ke6 43. Qc6+ 1/2-1/2

[Event "Corus-B"]
[Site "Wijk aan Zee"]
[Date "2005.01.16"]
[Round "2"]
[White "Carlsen, Magnus"]
[Black "Kosteniuk, Alexandra"]
[Result "1-0"]
[WhiteElo "2553"]
[BlackElo "2490"]
[PlyCount "61"]
[EventDate "2005.01.15"]
[EventType "tourn"]
[EventRounds "13"]
[EventCountry "NED"]
[EventCategory "13"]
[SourceTitle "CBM 105"]
[Source "ChessBase"]
[SourceDate "2005.04.11"]
[SourceVersion "1"]
[SourceVersionDate "2005.04.11"]
[SourceQuality "1"]

1. d4 d5 2. c4 e6 3. Nc3 c6 4. Nf3 dxc4 5. g3 Nf6 6. Bg2 Nbd7 7. O-O Bb4 8. Bg5 ({RR} 8. Qc2 O-O 9. Rd1 Qe7 10. Ne5 Nb6 11. Ne4 Nxe4 12. Bxe4 h6 13. Nxc4 Nxc4 14. Qxc4 Bd6 15. Be3 Bd7 16. a3 Rfd8 17. Rac1 Be8 18. Bb1 a5 19. Bd2 Bc7 20. Bc3 a4 21. e4 e5 22. dxe5 Rxd1+ {Khalifman,A (2649)-Dreev,A (2698) Plovdiv 2012 ½-½ (40)}) 8... Qa5 ({RR} 8... O-O 9. Nd2 Nb6 10. e3 h6 11. Bxf6 Qxf6 12. Qe2 e5 13. Nxc4 exd4 14. Ne4 Qe7 15. exd4 Nxc4 16. Qxc4 Be6 17. Qd3 Rad8 18. Rfd1 Bg4 19. Rdc1 Bf5 20. a3 Ba5 21. Qe3 Rfe8 22. Nc5 Qxe3 23. fxe3 {Makarian,R (2557)-Dreev,A (2606) chess.com INT 2023 0-1 (41)}) 9. Qc2 Nd5 $146 ({RR} 9... Bxc3 10. bxc3 Ng4 11. Bd2 b5 12. e4 Ngf6 13. e5 Nd5 14. Ng5 Nf8 15. Ne4 Nd7 16. Nd6+ Kf8 17. Qd1 f5 18. Qh5 g6 19. Bh6+ Ke7 20. Qh4+ N7f6 21. Bxd5 {1-0 (21) Silveira,L (2200)-Leao,F Belem 2012}) 10. Ne4 b5 11. b3 h6 12. a3 Bc3 13. bxc4 bxc4 14. Bd2 Bxd2 15. Nfxd2 O-O 16. Nxc4 Qc7 17. Rfc1 Ba6 18. e3 Rab8 19. Ncd2 Bb5 20. Nc5 Nxc5 21. Qxc5 Ba4 22. Ne4 Rb3 23. Qc4 Nb6 24. Qe2 Bb5 25. Qc2 Ba4 26. Nc5 Rb4 27. Qd2 Rb5 28. Bf1 Qd6 29. Bxb5 cxb5 30. Qa5 e5 31. Nxa4 1-0

[Event "Tata Steel 83rd"]
[Site "Wijk aan Zee"]
[Date "2021.01.27"]
[Round "10"]
[White "Caruana, Fabiano"]
[Black "Carlsen, Magnus"]
[Result "1/2-1/2"]
[WhiteElo "2823"]
[BlackElo "2862"]
[PlyCount "83"]
[EventDate "2021.01.16"]
[EventType "tourn"]
[EventRounds "13"]
[EventCountry "NED"]
[EventCategory "19"]
[SourceTitle "CBM 200"]
[Source "ChessBase"]
[SourceDate "2021.02.01"]
[SourceVersion "1"]
[SourceVersionDate "2021.02.01"]
[SourceQuality "1"]

1. d4 Nf6 2. c4 e6 3. g3 d5 4. Nf3 Bb4+ 5. Bd2 Bd6 6. Bg2 c6 7. Nc3 O-O 8. Bg5 h6 9. Bxf6 Qxf6 10. Qb3 ({RR} 10. O-O Qd8 11. c5 Bc7 12. e4 b6 13. b4 bxc5 14. bxc5 dxe4 15. Nxe4 Ba6 16. Re1 Bc4 17. Qa4 Bd5 18. Re3 Qc8 19. Nc3 Bd8 20. Rb1 Bf6 21. Bf1 Rd8 22. Nxd5 cxd5 23. Reb3 Re8 24. Rb7 Re7 {Ding,L (2797)-Topalov,V (2747) Wenzhou 2018 1-0 (40)}) ({RR} 10. c5 Bc7 11. O-O b6 12. b4 bxc5 13. bxc5 e5 14. dxe5 Qe6 15. e4 d4 16. Qxd4 Nd7 17. Nd5 Bb8 18. Nf4 Qe8 19. e6 fxe6 20. e5 Rf7 21. Rfe1 a5 22. Nd2 Qe7 23. Bxc6 Ra6 24. Bb5 Nxc5 {Grapsa,G (2086)-Allahverdiyeva,A (2220) Batumi GEO 2025 1-0}) 10... Nd7 11. O-O Qe7 12. c5 $146 ({RR} 12. Rfd1 Rb8 13. e4 dxc4 14. Qxc4 e5 15. d5 Nb6 16. Qb3 Bg4 17. h3 Bh5 18. g4 Bg6 19. a4 Rfd8 20. a5 Nd7 21. Qc4 Rbc8 22. Qe2 Nf6 23. Nh4 Bh7 24. Nf5 Bxf5 25. exf5 Bb4 26. a6 Bxc3 {Istratescu,A (2550)-Bluebaum,M (2646) Playchess.com INT 2020 ½-½ (56)}) 12... Bc7 13. e4 b6 14. exd5 exd5 15. Rfe1 Qf6 16. Nxd5 cxd5 17. Qxd5 Rb8 18. c6 Rd8 19. cxd7 Bxd7 20. Ne5 Be6 21. Qe4 Bxe5 22. dxe5 Qe7 23. Qe3 Rbc8 24. Be4 Qc5 25. Qxc5 Rxc5 26. f4 g6 27. Kf2 a5 28. Ke3 a4 29. Rec1 Rb5 30. Rc2 Rb4 31. Bd3 h5 32. Rd2 b5 33. a3 Rb3 34. Rc1 b4 35. axb4 a3 36. bxa3 Bf5 37. Rcd1 Rxa3 38. b5 Bg4 39. Rc1 Bf5 40. Rcd1 Bg4 41. Rc1 Bf5 42. Rcd1 1/2-1/2

[Event "Candidates sf"]
[Site "Elista"]
[Date "2007.06.03"]
[Round "1.9"]
[White "Aronian, Levon"]
[Black "Carlsen, Magnus"]
[Result "1/2-1/2"]
[WhiteElo "2759"]
[BlackElo "2693"]
[PlyCount "96"]
[EventDate "2007.05.27"]
[EventType "k.o."]
[EventRounds "12"]
[EventCountry "RUS"]
[SourceTitle "CBM 119"]
[Source "ChessBase"]
[SourceDate "2007.08.01"]
[SourceVersion "1"]
[SourceVersionDate "2007.08.01"]
[SourceQuality "1"]

1. d4 Nf6 2. Nf3 e6 3. c4 c5 4. g3 cxd4 5. Nxd4 d5 6. Bg2 e5 7. Nf3 d4 8. O-O Nc6 9. e3 Be7 10. exd4 exd4 11. Bf4 O-O 12. Ne5 Qb6 13. Qb3 Na5 14. Qxb6 axb6 15. Nd2 Nh5 16. Nef3 $146 ({RR} 16. Rfe1 Nxf4 17. gxf4 Bb4 18. Rad1 Be6 19. a3 Bxd2 20. Rxd2 Rfd8 21. f5 Bxf5 22. Bd5 Nb3 23. Rdd1 Bc2 24. Bxb7 Bxd1 25. Bxa8 Bc2 26. Be4 Bxe4 27. Rxe4 f5 28. Re1 d3 29. Rd1 d2 30. Kf1 g5 {Ivanchuk,V (2762)-Naiditsch,A (2652) Mainz 2007 1-0 (77)}) ({RR} 16. Nb3 Nxf4 17. gxf4 Rd8 18. Rfd1 f6 19. Bd5+ Rxd5 20. cxd5 fxe5 21. fxe5 Bg4 22. Nxd4 Bxd1 23. Rxd1 Nc4 24. d6 Bd8 25. Re1 Ra5 26. e6 Nxd6 27. e7 Bc7 28. Ne6 Bb8 29. Nd8 Ne8 30. Rd1 Re5 {Goksel,D (2221)-Guseynov,A (2390) Ankara TUR 2025 0-1 (41)}) ({RR} 16. Nb3 Nxf4 17. gxf4 Be6 18. Nxd4 Bxc4 19. Rfc1 Be6 20. f5 Bc8 21. b4 Bxb4 22. Bd5 Bc5 23. Nb3 Nxb3 24. axb3 Rxa1 25. Rxa1 Bd4 26. Re1 Bxf5 27. Nxf7 Bg6 28. Ne5+ Kh8 29. Nxg6+ hxg6 30. Re2 Bf6 {Ozturk Orenli,K (2319)-Efroimski,M (2462) Shusha 2022 ½-½ (58)}) 16... Nxf4 17. gxf4 Bd6 18. Ne5 Be6 19. b3 f6 20. Nd3 Nc6 21. Ne4 Bc7 22. c5 Bf5 23. Rfd1 Rad8 24. cxb6 Bxb6 25. Nec5 Nb4 26. Nxb4 Bxc5 27. Nd3 Bxd3 28. Rxd3 Rf7 29. a3 Rc7 30. b4 Be7 31. Rad1 Ra8 32. Be4 g6 33. f5 g5 34. Kg2 Kf8 35. Rh3 Rd7 36. Rhd3 Rc7 37. Bd5 Kg7 38. h4 h6 39. h5 Ra7 40. Rf3 Rc3 41. Rxd4 Raxa3 42. Rxc3 Rxc3 43. Bxb7 Rb3 44. Rd7 Kf8 45. Rc7 Rxb4 46. Rc8+ Kg7 47. Bd5 Rg4+ 48. Kf1 Rd4 1/2-1/2

[Event "Division I"]
[Site "Chess.com"]
[Date "2024.05.15"]
[Round "4.5"]
[White "Carlsen, Magnus"]
[Black "Firouzja, Alireza"]
[Result "0-1"]
[WhiteElo "2891"]
[BlackElo "2865"]
[Annotator "Stockfish 16.1"]
[PlyCount "120"]
[EventDate "2024.??.??"]
[WhiteTeam "NOR"]
[BlackTeam "FRA"]
[WhiteClock "0:01:11"]
[BlackClock "0:01:17"]

{[%evp 10,120,45,18,15,16,33,18,19,10,21,7,11,11,11,11,5,11,19,10,17,19,11,7,5,5,20,-16,-45,-40,-40,-39,-3,-12,8,-60,-67,-101,-105,-100,-90,-75,-20,-44,-37,-40,-49,-71,-72,-71,-77,-85,-88,-88,-60,-125,-118,-119,-117,-135,-138,-144,-120,-114,-113,-155,-149,-194,-180,-191,-128,-192,-121,-154,-158,-177,-67,-71,-68,-81,-23,-30,-9,-9,-10,-11,0,0,0,0,0,0,0,0,0,0,0,0,0,0,0,0,0,0,0,0,0,0,0,0,0,0,0]} 1. d4 d5 2. c4 e6 $146 ({RR} 2... dxc4 3. e4 Nf6 4. e5 Nd5 5. Bxc4 Bf5 6. a3 e6 7. Ne2 Be7 8. O-O O-O 9. Nbc3 c6 10. Ng3 Bg6 11. Nge4 Nxc3 12. Nxc3 Nd7 13. f4 Nb6 14. Bb3 Qd7 15. Be3 Rad8 16. Qf3 Kh8 17. Rad1 {Barumba,E (1416) Dublin 2020 [ChessBase] 0-1 (40)}) 3. Nf3 Nf6 4. g3 dxc4 5. Bg2 c5 6. Qa4+ Bd7 7. Qxc4 b5 8. Qc2 Na6 {[%cal Bb8a6,Ba6c5,Bc5b3,Bb3d4][%mdl 32]} 9. O-O Rc8 10. a3 cxd4 11. Qd1 Nc5 12. Nxd4 e5 13. Nf3 Be6 {[#] aiming for ...Qxd1.} 14. Qxd8+ (14. Nxe5 Nb3 $15) 14... Rxd8 15. Nc3 (15. Nxe5 Nb3 $17) 15... Nb3 16. Rb1 Bf5 17. Nxe5 Bxb1 18. Bc6+ Ke7 19. Nxb1 Ke6 ({Don't play} 19... Nxc1 20. Rxc1 Rc8 21. Nd2 $11) 20. Nd3 Nd4 {[%mdl 64] [#] Double Attack} ({Of course not} 20... Nxc1 $6 21. Rxc1 Bd6 22. Nc3 $11) 21. Nf4+ Kf5 $132 {[%mdl 2048] Black is not holding back} 22. Bg2 (22. e4+ $5 Ke5 23. Bb7 $15) 22... g5 23. Bh3+ g4 24. Bg2 Bd6 25. Nc3 Rhe8 (25... Bxf4 $5 26. Bxf4 Kg6 $11) 26. f3 {Black must now prevent fxg4+.} Bxf4 $1 27. fxg4+ Kg6 28. Bxf4 Nxe2+ 29. Nxe2 Rxe2 30. g5 Nd5 31. Bc1 Ne3 32. Bf3 Nxf1 33. Bxe2 $17 {[%mdl 4096] Endgame KRN-KB} Nd2 34. h4 a6 35. Kf2 f6 36. gxf6 Kxf6 37. g4 Ke5 38. Ke1 Ne4 39. Be3 Rc8 40. Bd1 Rd8 41. Bc2 Rf8 42. Bd1 Nd6 ({Better is} 42... Ng3 $19 43. Bb6 Rf7) 43. h5 $15 Nc4 44. Bc1 Kd4 {And now ...Ne5 would win.} 45. Bc2 Ne3 (45... Rf7 {is interesting.} 46. Ke2 Re7+ 47. Kf2 Rc7 48. Bb1 Ke5) 46. Bxe3+ $1 {The position is equal.} Kxe3 47. Bxh7 $11 {Hoping for g5. KR-KB} Kf4 48. Bf5 Kg5 49. Kd2 Rd8+ 50. Kc3 a5 51. b4 axb4+ 52. axb4 Rd6 53. Kb3 Rd4 54. Be6 Rd6 55. Bf5 Rd4 56. Ka3 Rd6 57. Kb2 Rd4 58. Kb3 Rd6 59. Kc3 Rd8 60. Bd3 Kxg4 {[%mdl 32768] Accuracy: White = 79%, Black = 81%. . Sensor Board Error (Ke4/e5)?} 0-1

[Event "13th Norway Chess 2025"]
[Site "Stavanger NOR"]
[Date "2025.06.02"]
[Round "7.2"]
[White "Carlsen, Magnus"]
[Black "Nakamura, Hikaru"]
[Result "1-0"]
[WhiteElo "2837"]
[BlackElo "2804"]
[Annotator "Tactical Analysis 7.0"]
[PlyCount "79"]
[EventDate "2025.05.26"]

1. d4 d5 2. c4 c6 3. Nf3 Nf6 4. Nc3 dxc4 5. g3 b5 6. Bg2 e6 7. O-O Bb7 8. Ne5 {[%mdl 1024] White has compensation.} Qc8 {E04: Open Catalan: 5 Nf3.} 9. b3 b4 (9... c5 $14) 10. Na4 $1 $16 {White has more active pieces.} (10. Ne4 Nxe4 11. Bxe4 c3 $11) 10... c3 {White is better.} 11. a3 $1 Nbd7 12. axb4 Bxb4 13. Ba3 a5 $146 {[%cal Ba7a5,Ba5b4][%mdl 32] [#]} ({Predecessor:} 13... Bxa3 14. Rxa3 c5 15. Bxb7 Qxb7 16. Nxc5 Nxc5 17. dxc5 O-O 18. c6 Qb5 19. Qd4 c2 20. Qc3 Ne4 {0-1 Sarkar,J (2338)-Nasuta,G (2518) Titled Tuesday intern op 31st Aug Chess.com INT blitz 2021 (2)}) ({RR} 13... Bxa3 14. Rxa3 c5 15. Bxb7 Qxb7 16. Nxc5 Nxc5 17. dxc5 O-O 18. c6 Qb5 19. Qd4 c2 20. Qc3 Ne4 {0-1 (20) Sarkar,J (2338)-Nasuta,G (2518) Chess.com INT 2021}) ({RR} 13... Bxa3 14. Rxa3 O-O 15. Nc5 Nxc5 16. dxc5 Rd8 17. Qc1 Nd5 18. Nc4 Ba6 19. Re1 Bxc4 20. bxc4 Ne7 21. Qxc3 Qc7 22. Ra6 h6 23. Rea1 Rd7 24. Bf3 f5 25. Qa5 Qxa5 26. R1xa5 Rc7 27. e4 fxe4 28. Bxe4 {Kanter,E (2407)-Yudin,S (2548) Khanty-Mansiysk 2013 ½-½ (41)}) ({RR} 13... Bxa3 14. Rxa3 c5 15. Bxb7 Qxb7 16. Nxc5 Nxc5 17. dxc5 O-O 18. c6 Qb5 19. Qd4 c2 20. Qc3 Ne4 {0-1 (20) Sarkar,J (2338)-Nasuta,G (2518) Chess.com INT 2021}) 14. Nxc3 $1 O-O (14... Bxa3 15. Rxa3) 15. Bxb4 axb4 16. Nxd7 $1 Nxd7 17. Na4 Ba6 18. Qd2 $1 Bb5 19. Rfc1 Ra6 20. e3 (20. Qxb4 $6 Bxe2 21. Qd6 Rd8 $14) 20... Qa8 21. Qxb4 Nb6 {[%cal Rb6a4] [#]} 22. Rc5 $1 Nd5 23. Bxd5 exd5 {Black is weak on the dark squares} 24. Rcc1 h5 {[%cal Bh7h5,Bh5h4][%mdl 32]} 25. h4 (25. Qd2 $16) 25... Re8 (25... Be2 $14) 26. Qc3 Qc8 {[%cal Og7g5] [#]} 27. Nc5 ({Better is} 27. Qc2 $1 $16) 27... Rxa1 $14 28. Rxa1 g5 29. hxg5 {[%cal Oe3e4] Hoping for e4!.} h4 30. e4 $1 (30. gxh4 Qg4+ 31. Kh2 Qxh4+ 32. Kg2 Qg4+ (32... Qxg5+ 33. Kf3 f5 34. Rg1 Qxg1 35. e4 dxe4+ 36. Kf4 Qg4+ 37. Ke3 Qg5+ 38. f4 exf3+ 39. Kxf3 Qg4+ 40. Kf2 Re2+ 41. Kf1 Qg2#) 33. Kh2 Bf1 (33... Qxg5 $2 34. Rg1 $18 {[%mdl 64] Pin}) (33... Kg7 $2 34. Ne6+ Qxe6 35. e4 $19) 34. Rxf1 Kg7) 30... dxe4 {[%cal Oe4e3]} 31. Re1 (31. gxh4 $2 e3 32. f3 Qh3 $19) (31. Qe3 $1 $14 hxg3 32. Qxg3 (32. Nxe4 $2 gxf2+ 33. Kxf2 Qf5+ 34. Qf3 Qxe4 $19)) 31... Qg4 $11 32. Qe3 {[%cal Rc5e4]} hxg3 33. fxg3 (33. Nxe4 gxf2+ 34. Kxf2 Kg7 $17) 33... Kg7 34. Kg2 {[%cal Rc5e4]} Rh8 (34... Qf3+ $11 {remains equal.} 35. Kg1 (35. Qxf3 exf3+ 36. Kf2 Be2 $14) 35... Qg4) 35. Qxe4 {This move loses the game for Black.} Qh3+ {[%mdl 8192]} (35... Qxg5 $16 {is tougher.} 36. Qe5+ Qxe5 37. dxe5 (37. Rxe5 Ra8 $16) 37... Rd8) 36. Kf3 $18 Bf1 {and ...Bg2+ should not be overlooked} 37. Kf4 (37. Qxc6 $2 {loses.} Bg2+ 38. Kf4 Bxc6 $19) 37... Qh2 (37... Bg2 $18 38. Qe5+ (38. Qe7 Rh4+ {[%mdl 64] Deflection} 39. Ke3 Qxg3+ 40. Kd2 Qf2+ 41. Kc1 Bd5 $15) 38... Kg8) 38. Qe5+ {White mates.} ({Weaker is} 38. Rxf1 Rh4+ 39. Ke5 Rxe4+ 40. Nxe4 Qe2 $11) 38... Kg8 39. Rxf1 Qg2 {An entertaining game by Carlsen.  Weighted Error Value: White=0.11 (very precise) /Black=0.40} 40. Ra1 1-0